Statistiques concernant They Shoot Pictures, Don't They? - films 401 à 420

Cliquez ici pour prendre le quiz!

Statistiques générales

  • Ce quiz a été pris 28 fois
  • Le résultat moyen est 6 sur 20

Statistiques - réponses

Réponse% Correct
Blanche-Neige et les sept nains
100%
Le Silence des agneaux
100%
Fantasia
63%
Suspiria
53%
La Nuit Américaine
47%
Les Yeux sans visage
42%
Zombie
42%
Dogville
37%
Spinal Tap
32%
Europe 51
21%
Nos années sauvages
21%
Opening Night
21%
Le Plaisir
16%
Cette sacrée vérité
11%
Chelsea Girls
11%
La Femme des sables
11%
La Femme sans tête
0%
Le Dossier Adams
0%
Safe
0%
Salvatore Giuliano
0%

Distribution des résultats

Percentile par nombre de réponses

% des personnes avec chaque résultat

Votre développement - résultats

Vous n’avez pas pris ce quiz